Géographie France - Associe la région à son chef lieu - Statistiques

Statistiques générales
  • Ce quiz a été pris 113 fois
  • Le résultat moyen est 18 sur 24
Statistiques - réponses
Hint Réponse % Correct
Auvergne-Rhône-Alpes Lyon
95%
Île de France Paris
94%
Corse Ajaccio
92%
Bourgogne-Franche-Comté Dijon
92%
Hauts de France Lille
91%
Provence-Alpes-Côte d'Azur Marseille
91%
Grand Est Strasbourg
91%
Nouvelle Aquitaine Bordeaux
90%
Centre Val de la Loire Orléans
87%
Normandie Rouen
87%
Occitanie Toulouse
86%
Pays de la Loire Nantes
78%
Bretagne Rennes
78%
La Réunion Saint-Denis
70%
Nouvelle Calédonie Nouméa
69%
Guyane Cayenne
66%
Martinique Fort de France
65%
Mayotte Mamoudzou
65%
Polynésie française Papeete
61%
Guadeloupe Basse-Terre
60%
Saint Pierre et Miquelon Saint Pierre
60%
Wallis et Futuna Mata Utu
58%
Saint Barthélémy Gustavia
43%
Saint Martin Marigot
38%
Aucun quiz correspondant
Distribution des résultats
% des personnes avec chaque résultat
Percentile par nombre de réponses
Votre historique - résultats
Vous n’avez pas pris ce quiz